El Instituto Psicotécnico de la Excma. Diputación Provincial de Barcelona en el Homenaje a Balmes, Barcelona, julio de 1948 / Agustín Granada
Descripción Física:
[4] p. ; 25 cm
Materias:
Balmes, Jaume -- Homenatges
MARC
| LEADER | 00000nam a2200000Ia 4500 | ||
|---|---|---|---|
| 001 | 10994 | ||
| 008 | 160829s1948 xx 000 0 cat d | ||
| 080 | |a FU-15-27 | ||
| 100 | |a Granada Pich, Agustín |9 24704 | ||
| 245 | |a El Instituto Psicotécnico de la Excma. Diputación Provincial de Barcelona en el Homenaje a Balmes, Barcelona, julio de 1948 / Agustín Granada | ||
| 260 | |a Barcelona : |b [s.n.], |c 1948 | ||
| 300 | |a [4] p. ; |c 25 cm | ||
| 590 | |a Hi ha un duplicat: DUP-21-59 | ||
| 650 | |a Balmes, Jaume |x Homenatges |9 24705 | ||
| 710 | 2 | |9 54312 |a Institut Psicotècnic de Barcelona | |
| 856 | 4 | |u https://media.diba.cat/diba/fitxers/arxiu/fulletons/bib_10994_1948_baixa.pdf |y Accés lliure | |
| 856 | 4 | |u https://media.diba.cat/diba/fitxers/arxiu/fulletons/bib_10994_1948_baixa.pdf |y Accés lliure | |
| 900 | |a bib_10994_1948_baixa.pdf | ||
| 901 | |a Arxiu | ||
| 942 | |n 1 |2 udc | ||
| 952 | |0 0 |1 0 |4 0 |6 FU1527 |7 1 |9 43277 |a Arxiu |b Arxiu |d 2016-12-01 |l 0 |o FU-15-27 |p 10994 |r 2016-12-01 00:00:00 |w 2016-12-01 |y ARXIU | ||
| 999 | |c 45822 |d 45822 | ||